| 000 | 01350cam a2200241 4500 | ||
|---|---|---|---|
| 001 | ABS67722 | ||
| 008 | 040507n2004 000 0 eng u | ||
| 035 | _a(Sirsi) u126146 | ||
| 100 | _aLewsley, C. | ||
| 245 | _aPlanning and Compulsory Purchase Bill Part 8 | ||
| 260 | _c2004 | ||
| 490 |
_aRating and Valuation Reporter _v44(3) March 2004, 51-54(4) |
||
| 520 | _aConsiders the compulsory purchase provisions of the Planning and Compulsory Purchase Bill Part VIII clause by clause. Key changes to existing compulsory purchase procedures are contained in cl98 amending the power of compulsory purchase conferred on local authorities by the Town and Country Planning Act 1990 s226. Cl102 provides a statutory definition of the valuation date for the purposes of assessing compensaton for the compulsory purchase of land, and cls105-108 introduce a scheme of loss payments for those with an interest in land which is the subject of compulsory purchase. Illustrates the proposed changes with reference to case law. | ||
| 590 | _aABS | ||
| 590 | _aABS | ||
| 650 | _aPLANNING AND COMPULSORY PURCHASE BILL PART VIII | ||
| 650 | _aTOWN AND COUNTRY PLANNING ACT 1990 S226 | ||
| 650 | _aVALUATION DATE | ||
| 650 | _aLAND COMPENSATION ACT 1973 | ||
| 650 | _aHOME LOSS PAYMENTS | ||
| 690 | _aCOMPULSORY PURCHASE AND COMPENSATION | ||
| 942 | _n0 | ||
| 999 |
_c117327 _d117327 |
||